000 004510000a22001810004500
003 MACL
005 20160113153920.0
008 160113b xxu||||| |||| 00| 0 eng d
040 _aMACL
_cMACL
041 _aEnglish
082 _a922/ABB
100 _aAbbas, Khwaja Ahmad
_930454
245 _aFace to Face with Khrushchov
260 _bRajpal and Sons
_c1960
_aNew Delhi
350 _a12
650 _aBiography
_931877
942 _cBK
_k922/ABB
_2ddc
999 _c35581
_d35581